LEADER 01907nam a2200265 i 4500 001 000000032052 003 CaOOAMICUS 005 20220204125923.0 008 180830s1662 it u000 u ita u 040 $aSeMil$bita 100 1 $aMenochio, Giovanni Stefano,$d<1575-1655>.$0(OLS)http://semarc/name/13925 245 13$aLe Stuore overo Trattenimenti eruditi del padre Gio. Stefano Menochio della Compagnia di Giesù, tessute di varia eruditione, sacra, morale, e profana. Nelle quali si dichiarano molti passi oscuri della Sacra Scrittura, e si risolvono varie questioni amene, e si riferiscono riti antichi, & historie curiose, e profittevoli. Divise in sei parti. Al ... padre D. Tomaso Retani .. 246 0 $iTit. in occhietto$aTrattenimenti eruditi & historia miscellanea sacra del p. Menochio 260 $aIn Venetia :$bPresso Paolo Baglioni,$c1662. 300 $a6 v. ;$c4°. 500 $aFront. del vol. 1 stampato in rosso e nero. - Front. in cornice xilogr. - Fregio, iniz. xilogr. - Rom. ; cors. 500 $aLegati insieme i vol. 1-2 ; Non posseduti i vol. 3-6 500 $aMarca (O308) sui front. 700 1 $aBaglioni, Paolo,$c.$0(OLS)http://semarc/name/2943 774 0 $t1.$g1$w()242844 774 0 $t2.$g2$w()242845 996 $6245$aLe Stuore overo Trattenimenti eruditi del padre Gio. Stefano Menochio della Compagnia di Giesù, tessute di varia eruditione, sacra, morale, e profana. Nelle quali si dichiarano molti passi oscuri della Sacra Scrittura, e si risolvono varie questioni amene, e si riferiscono riti antichi, & historie curiose, e profittevoli. Divise in sei parti. Al ... padre D. Tomaso Retani ..$9(OLS)http://semarc/title/43484 996 $6246$aTrattenimenti eruditi & historia miscellanea sacra del p. Menochio$9(OLS)http://semarc/title/43485 996 $6260$aIn Venetia :$bPresso Paolo Baglioni$9(OLS)http://semarc/publisher/39145 LEADER 01791nam a2200313 i 4500 001 000000232340 003 CaOOAMICUS 005 20231018144852.0 008 140826s1728 it u000 u ita u 026 $ai,a. s.8. urit sesu (3) 1728 (R) 040 $aSeMil$bita 100 1 $aCalino, Cesare,$c.$0(OLS)http://semarc/name/13786 245 10$aTrattenimento istorico, teologico, e scritturale sopra i santi Vangeli, in cui si espone la divinità, e incarnazione, e vita, e morte, e risurrezione di nostro signor Gesù Cristo. Opera di Cesare Calino della Compagnia di Gesù. 260 $aIn Venezia :$bAppresso Gio: Battista Recurti,$c1728. 300 $axxiv, 562 [i.e. 544], [4] p. ;$c4º. 500 $aVignetta xilogr. (monogramma GBR in fregio ornamentale) sul front. 500 $aCors. ; rom. 500 $aSegn.: a8 b4 A-2L8 2M2 500 $aIl fasc. 2M contiene Errata corrige 500 $aOmesse nella numerazione le p. 65-84, ripetute le p. 467-468 500 $aFregi, iniziali e testate xilogr. 500 $aTesto su due colonne 650 4$aBibbia. Antico Testamento - Commentari, studi, critica, interpretazioni.$0(OLS)http://semarc/subject/2 700 1 $aRecurti, Giovanni Battista,$c.$0(OLS)http://semarc/name/7178 850 $aSeMil 852 $aSeMil$W1$xVenegono$y1$m2Y V 27 FA$j182686$B182686$CSeMilBibl$Z2$F193708 $8I 996 $6245$aTrattenimento istorico, teologico, e scritturale sopra i santi Vangeli, in cui si espone la divinità, e incarnazione, e vita, e morte, e risurrezione di nostro signor Gesù Cristo. Opera di Cesare Calino della Compagnia di Gesù$9(OLS)http://semarc/title/331549 996 $6260$aIn Venezia :$bAppresso Gio: Battista Recurti$9(OLS)http://semarc/publisher/43850